000
00265nam a2200097Ia 4500
001
647632
005
20250826153706.0
008
250824s9999 xx 000 0 und d
245
0
_a
KAMELYALI KADIN ANTİK YENİ
_c
ALEXANDRE DUMAS
260
_b
ANTİK DÜNYA KLASİKLERİ
999
_c
647632
_d
647632